| 000 | 01427cam a2200325 4500 | ||
|---|---|---|---|
| 001 | sa 68018919 | ||
| 003 | DLC | ||
| 005 | 20260227112715.0 | ||
| 008 | 910104m19479999ii b 000 0 hino | ||
| 010 | _asa 68018919 | ||
| 040 |
_aDLC _cDLC _dDLC |
||
| 041 | 1 |
_ahinpra _hpra |
|
| 050 | 0 | 0 |
_aBL1316.B47 _bM3516 1944 |
| 100 | 0 | _aBhūtabali. | |
| 240 | 1 | 0 |
_aMahābandha. _lHindi & Prakrit |
| 245 | 1 | 0 |
_aMahābandha. _cBhūtabali Bhaṭṭarakakr̥ta. Hindī anuvāda ādi sahita. Sampādana-anuvāda, Sumerucandra Divākara. |
| 260 |
_a[Vārāṇasī] _bBhāratīya Jñānapīṭha Prakāśana, _c1947-<1965 > |
||
| 300 |
_av. <1-2, 6-7 > _c27 cm. |
||
| 490 | 1 |
_aJñānapīṭha Mūrtidevī jainagranthamālā. Prākr̥ta ; _vgranthāṅka <1, 4, 8-9 > |
|
| 500 | _aHindi and Prakrit; explationas in Hindi. | ||
| 504 | _aBibliographical footnotes. | ||
| 500 | _aIncludes various editions of some volumes. | ||
| 500 | _aVols. <2, 6-7 > edited by Phūlacandra Siddhāntaśāstrī. | ||
| 500 | _aClassical work on Jaina ethics of action. | ||
| 505 | 1 | _a1. Paḍhamo payaḍibandhāhiyāro -- 2. Bidiyo ṭṭhidibandhāhiyāro -- 6-7. Cauttho padeśabandhāhiyāro. | |
| 650 | 0 | _aJaina ethics. | |
| 700 | 1 |
_aDivākara, Sumerucandra, _d1905-1994. |
|
| 700 | 1 |
_aSiddhāntaśāstrī, Phūlacandra, _d1901-1995. |
|
| 830 | 0 |
_aJñānapīṭha Mūrtidevī Jaina granthamālā. _pPrākr̥ta ; _vgranthāṅka 1, etc. |
|
| 999 |
_c88713 _d88713 |
||